000 01398nam a22002297a 4500
005 20250107143811.0
010 _aB-748149-153 B-761585
020 _c595.00
_a9789393065117
035 _aB-748149-153
035 _aB-761585
037 _bअभिलाषा प्रकाशन
082 _a921
100 _aमिश्र, श्याम नारायण
_976010
245 _aस्वाधीनता आंदाेलन की प्रमुख वीरांगनाएं /
_cश्याम नारायण मिश्र
246 _aSwadhinta Aandolan Ki Pramukh Veerangnaye /
260 _aपिलानी
_bश्वेता बुक एजेन्सी
_c2022
270 _aविष्णु वस्त्र भण्डार के ऊपर,मेन मार्किट
_bपिलानी
_e333031
_k99292262200
300 _a224पृ.
_c22सेमी(सजिल्द)
942 _2ddc
_cHN
_h920
_mमिश्रश
999 _c193993
_d193993